Online
Catalog

Mar vivo = The living sea / (Record no. 19982)

MARC details
000 -CABECERA
campo de control de longitud fija 00737nam a2200229 u 4500
001 - NÚMERO DE CONTROL
campo de control 000020478
005 - FECHA Y HORA DE LA ÚLTIMA TRANSACCIÓN
campo de control 20200930011122.0
008 - DATOS DE LONGITUD FIJA--INFORMACIÓN GENERAL
campo de control de longitud fija 100809s2015 dr abc r 000 0 spa d
040 ## - FUENTE DE LA CATALOGACIÓN
Centro catalogador/agencia de origen DO-SdBNP
Lengua de catalogación spa
Centro/agencia transcriptor BNPHU
041 17 - CÓDIGO DE LENGUA
Código de lengua del texto/banda sonora o título independiente spa
Código de lengua del sumario o resumen eng
082 ## - NÚMERO DE LA CLASIFICACIÓN DECIMAL DEWEY
Número de clasificación xxx
Número de documento/Ítem xxx
100 1# - ENTRADA PRINCIPAL--NOMBRE DE PERSONA
Nombre de persona Ricart, Guillermo
9 (RLIN) 43159
245 10 - MENCIÓN DE TÍTULO
Título Mar vivo = The living sea /
Mención de responsabilidad, etc. Guillermo Ricart ; ilustración Julián Amado ; traducción Martha Amado.
246 31 - FORMA VARIANTE DE TÍTULO
Título propio/Titulo breve The living sea
250 ## - MENCIÓN DE EDICIÓN
Mención de edición Ed. bilingüe
260 ## - PUBLICACIÓN, DISTRIBUCIÓN, ETC.
Lugar de publicación, distribución, etc. Santo Domingo :
Nombre del editor, distribuidor, etc. Vicini,
Fecha de publicación, distribución, etc. 2015.
300 ## - DESCRIPCIÓN FÍSICA
Extensión 250 p. :
Otras características físicas il., mapa, retr. ;
Dimensiones 35 cm.
546 ## - NOTA DE LENGUA/LENGUAJE
Nota de lengua/lenguaje Texto en Inglés y Español
590 ## - NOTA LOCAL (RLIN)
Nota local Inventariado, 2018/ YL
700 12 - PUNTO DE ACCESO ADICIONAL--NOMBRE DE PERSONA
Nombre de persona Amado, Julián
Término indicativo de función/relación il.
9 (RLIN) 29282
700 12 - PUNTO DE ACCESO ADICIONAL--NOMBRE DE PERSONA
Nombre de persona Lugo, Martha
Término indicativo de función/relación trad.
9 (RLIN) 43160
Holdings
Estado de retiro Estado de pérdida No para préstamo Código de colección Localización permanente Ubicación/localización actual Ubicación en estantería Fecha de adquisición Número de inventario Total de préstamos Signatura topográfica completa Código de barras Fecha visto por última vez Precio válido a partir de Tipo de ítem Koha Número de copia
    Excluido de préstamo Patrimonio Dominicano Patrimonio Dominicano Patrimonio Dominicano En catalogación 26.06.2013 LF1   xxx xxx 20478-10 25.06.2020 25.06.2020 Libro y Folleto Colección Patrimonio Dominicano  
    Excluido de préstamo Patrimonio Dominicano Patrimonio Dominicano Patrimonio Dominicano En catalogación 20.03.2018 LF1   xxx xxx 20478-20 25.06.2020 25.06.2020 Libro y Folleto Colección Patrimonio Dominicano e. 2

Powered by Koha